• 首页
  • 本馆介绍
  • 公告通知
  • 最新文献
  • 馆藏检索
  • 电子资源
  • 读者导购
  • 参考咨询
  • 我的图书馆
  • 登录
  • 详细信息显示
  • 放入我的书架
  • 预约/预借图书
  • 作者相关作品
  • 分类相关作品
  • 丛书相关作品
  • 出版社相关作品

书目信息

  • 表格格式
  • 工作单格式
  • 卡片格式
题名:
社会主义民主与法制
    
 
作者: 孔庆明 编著
分册:  
出版信息: 长春   吉林人民出版社  1984
页数: 202页
开本: 19cm
丛书名: 青年职工思想政治教育丛书
单 册:
中图分类: D046.1
科图分类:
主题词: 社会主义民主--研究 , 社会主义法制--研究
电子资源:
ISBN:
000 00773nam2 2200277 45
001 0184010749
005 20040429100654.4
010    @dCNY0.60
091    @a3091.193
100    @a19950517d1984 em y0chiy0121 ea
101 0  @achi
102    @aCN@b220000
105    @ay z 000yy
106    @ar
200 10 @a社会主义民主与法制@Ashe hui zhu yi min zhu yu fa zhi@f孔庆明编著
210    @a长春@c吉林人民出版社@d1984
215    @a202页@d19cm
225 2  @a青年职工思想政治教育丛书
410  0 @120010@a青年职工思想政治教育丛书
606    @a社会主义民主@x研究
606    @a社会主义法制@x研究
690    @aD046.1@v3
701  0 @a孔庆明@Akong qing ming@4编著
801  0 @aCN@b上海图书馆@c20040429
801  2 @aCN@bNLC@c20040429
905    @f3@b114562-564@dD046.1@e8
    
    社会主义民主与法制/孔庆明编著.-长春:吉林人民出版社,1984
    202页;19cm.-(青年职工思想政治教育丛书)
    
    
    ISBN :CNY0.60
    
●
相关链接 在E读中查询图书 在五车中查询图书 在当当中查询图书 在豆瓣中查询图书


正题名:社会主义民主与法制     索取号:D046.1/8         预约/预借

序号 登录号 条形码 馆藏地/架位号 状态 备注
1 0114561   001769447   密集书库/ [索取号:D046.1/8] 在馆    
2 0114562   001465925   密集书库/ [索取号:D046.1/8] 在馆    
3 0114563   001020219   第一样本阅览室/ [索取号:D046.1/8] 在馆    
4 0114564   000383953   第一借阅区/ [索取号:D046.1/8] 在馆    
5 0114565   001769483   密集书库/ [索取号:D046.1/8] 在馆    
唐山师范学院图书馆 欢迎您!
大连网信软件有限公司© 版权所有